[Event "Ramco Tech op"]
[Site "Rajapalayam"]
[Date "2018.11.30"]
[Round "4"]
[White "Muthaiah, Al"]
[Black "Gunasekaran, K."]
[Result "0-1"]
[WhiteElo "2408"]
[BlackElo "1987"]
[PlyCount "154"]
[EventDate "2018.11.29"]
[EventType "swiss"]
[EventRounds "8"]
[EventCountry "IND"]
[SourceTitle "CBM 187 Extra"]
[Source "ChessBase"]
[SourceDate "2018.11.04"]
[SourceVersion "1"]
[SourceVersionDate "2018.11.04"]
[SourceQuality "1"]

1. d4 d5 2. c4 c6 3. Nc3 Nf6 4. Nf3 e6 5. Bg5 Nbd7 6. e3 Be7 7. Bd3 h6 8. Bh4 b6 9. 0-0 0-0 10. Qe2 Bb7 11. Rfd1 dxc4 12. Bxc4 Nd5 13. Bg3 Nxc3 14. bxc3 Nf6 15. e4 Re8 16. Ne5 b5 17. Bb3 Qb6 18. c4 c5 19. dxc5 Bxc5 20. cxb5 Rad8 21. Bc2 Bd4 22. Rab1 Ba8 23. Nf3 Bc5 24. a4 Qb7 25. Nd2 Rc8 26. Bd3 Qe7 27. Nb3 Bb4 28. f3 Nh5 29. Bf2 Nf4 30. Qe3 Qg5 31. g3 Nh3+ 32. Kg2 Nxf2 33. Qxg5 hxg5 34. Kxf2 Kf8 35. Rbc1 Ke7 36. Rxc8 Rxc8 37. Rc1 Rxc1 38. Nxc1 Bc5+ 39. Ke2 Bg1 40. Kf1 Be3 41. Nb3 Kd6 42. Ke2 Bg1 43. h3 g6 44. g4 Ke5 45. Na5 Bc5 46. Nb3 Bb6 47. a5 Bg1 48. Kd2 f5 49. Kc3 Bf2 50. Kc4 Be1 51. a6 Bf2 52. Nc5 Kd6 53. Na4 Kc7 54. gxf5 gxf5 55. Kc3 Kd6 56. Kb4 Be1+ 57. Kc4 Bf2 58. Bc2 Bg1 59. Bb1 Bf2 60. Kd3 Bg1 61. Ke2 Ke5 62. Bc2 Bd4 63. Kd2 Bg1 64. Kc3 Kd6 65. Kc4 Bf2 66. Nc3 Ke5 67. Nd1 Bb6 68. Nb2 Kf4 69. Na4 Bg1 70. b6 axb6 71. Kb5 Kxf3 72. exf5 exf5 73. Bxf5 Kf4 74. Nxb6 Bxb6 75. Bc8 Ba7 76. Kc4 Bg2 77. Be6 Bf1+ 0-1

[Event "United Insurance 8th"]
[Site "Dhaka"]
[Date "2005.04.13"]
[Round "10"]
[White "Gunasekaran, K."]
[Black "Islam, Khandaker Aminul"]
[Result "1-0"]
[WhiteElo "2312"]
[BlackElo "2312"]
[PlyCount "109"]
[EventDate "2005.04.05"]
[EventType "swiss"]
[EventRounds "11"]
[EventCountry "BAN"]
[SourceTitle "CBM 105 Extra"]
[Source "ChessBase"]
[SourceDate "2005.05.01"]
[SourceVersion "1"]
[SourceVersionDate "2005.05.01"]
[SourceQuality "1"]

1. d4 d5 2. Nf3 Nf6 3. c4 e6 4. Nc3 Be7 5. Bg5 h6 6. Bh4 0-0 7. e3 b6 8. cxd5 exd5 9. Bd3 c5 10. 0-0 Bb7 11. Ne5 Ne4 12. Bxe7 Qxe7 13. Qc2 Nd6 14. Rfe1 Rc8 15. Qe2 c4 16. Bc2 b5 17. Qf3 Qe6 18. Ne2 Nd7 19. Qg3 Nf6 20. Nf4 Qe7 21. f3 Rd8 22. Qf2 Nde8 23. g4 Nd7 24. Nxd7 Rxd7 25. h4 g6 26. Kg2 Ng7 27. Qg3 Re8 28. a3 Qd6 29. Kf2 Rde7 30. Ng2 Qxg3+ 31. Kxg3 Ne6 32. Kf2 Bc6 33. f4 Nf8 34. Kf3 Nd7 35. g5 hxg5 36. hxg5 Nf8 37. Rh1 Bd7 38. Rae1 Kg7 39. Kf2 a5 40. Nh4 b4 41. axb4 axb4 42. Nf3 b3 43. Bb1 Be6 44. Rh2 Ra7 45. Ne5 Ra1 46. Reh1 Rea8 47. Kf3 R8a6 48. e4 Rd6 49. Ke3 dxe4 50. Bxe4 Ra2 51. Rc1 Ra4 52. Rd2 Rb4 53. d5 Bxd5 54. Rxc4 Rb5 55. Bxd5 1-0

[Event "United Insurance 8th"]
[Site "Dhaka"]
[Date "2005.04.08"]
[Round "4"]
[White "Gunasekaran, K."]
[Black "Vijayalakshmi, Subbaraman"]
[Result "0-1"]
[WhiteElo "2312"]
[BlackElo "2412"]
[PlyCount "90"]
[EventDate "2005.04.05"]
[EventType "swiss"]
[EventRounds "11"]
[EventCountry "BAN"]
[SourceTitle "CBM 105 Extra"]
[Source "ChessBase"]
[SourceDate "2005.05.01"]
[SourceVersion "1"]
[SourceVersionDate "2005.05.01"]
[SourceQuality "1"]

1. d4 Nf6 2. Nf3 e6 3. Bg5 Be7 4. e3 d6 5. Bd3 Bd7 6. 0-0 c5 7. c3 0-0 8. Nbd2 Nc6 9. Re1 d5 10. a4 a6 11. Qe2 h6 12. Bh4 Ne4 13. Bxe7 Nxe7 14. Nf1 Nd6 15. N1d2 Ne4 16. Nf1 Qc7 17. N3d2 Rfe8 18. f4 Nd6 19. Nf3 c4 20. Bc2 b5 21. N1d2 Rab8 22. axb5 axb5 23. Ne5 Ra8 24. Qf1 b4 25. Rxa8 Rxa8 26. Ra1 Rb8 27. Qc1 Bc8 28. Bd1 Nef5 29. Kf2 Ne7 30. Kg1 Bd7 31. Nxd7 Qxd7 32. Bc2 Qb7 33. Kf2 f6 34. g3 Qc6 35. Ba4 Qc8 36. Bc2 b3 37. Bd1 e5 38. Ra5 exd4 39. exd4 Qh3 40. Kg1 Qe6 41. Kf2 Ne4+ 42. Kg1 Nxc3 43. bxc3 Qe1+ 44. Kg2 b2 45. Qc2 Nf5 0-1

[Event "United Insurance 8th"]
[Site "Dhaka"]
[Date "2005.04.06"]
[Round "2"]
[White "Gunasekaran, K."]
[Black "Abdul, Maleq"]
[Result "1-0"]
[WhiteElo "2312"]
[BlackElo "2191"]
[PlyCount "83"]
[EventDate "2005.04.05"]
[EventType "swiss"]
[EventRounds "11"]
[EventCountry "BAN"]
[SourceTitle "CBM 105 Extra"]
[Source "ChessBase"]
[SourceDate "2005.05.01"]
[SourceVersion "1"]
[SourceVersionDate "2005.05.01"]
[SourceQuality "1"]

1. d4 Nf6 2. Nf3 g6 3. Bf4 Bg7 4. e3 0-0 5. h3 d6 6. Be2 Nbd7 7. 0-0 Qe8 8. c4 e5 9. Bh2 Qe7 10. Nc3 c6 11. Rc1 Ne8 12. b4 e4 13. Nd2 f5 14. c5 d5 15. b5 Bh6 16. Qb3 Kh8 17. bxc6 bxc6 18. Nxd5 cxd5 19. Qxd5 Rb8 20. Bxb8 Nxb8 21. Rb1 Nf6 22. Qb3 Be6 23. Bc4 Bxc4 24. Nxc4 f4 25. Rfe1 Nh5 26. Ne5 f3 27. Qd5 Qg5 28. Nf7+ Rxf7 29. Rxb8+ Kg7 30. Qxg5 Bxg5 31. gxf3 exf3 32. Reb1 Nf6 33. c6 Ne4 34. R8b7 Nd6 35. Rxf7+ Kxf7 36. e4 Ke7 37. e5 Ne4 38. d5 Bh4 39. d6+ Nxd6 40. Rb7+ Ke6 41. exd6 Kxd6 42. Rxh7 1-0

[Event "Chennai WinTV op 1st"]
[Site "Chennai"]
[Date "2004.01.29"]
[Round "10"]
[White "Murugan, Krishnamoorthy"]
[Black "Gunasekaran, K."]
[Result "1-0"]
[WhiteElo "2390"]
[BlackElo "2265"]
[PlyCount "117"]
[EventDate "2004.01.21"]
[EventType "swiss"]
[EventRounds "13"]
[EventCountry "IND"]
[SourceTitle "CBM 098 Extra"]
[Source "ChessBase"]
[SourceDate "2004.03.10"]
[SourceVersion "2"]
[SourceVersionDate "2004.03.10"]
[SourceQuality "1"]

1. d4 d5 2. c4 c6 3. Nf3 Nf6 4. Nc3 e6 5. e3 Nbd7 6. Bd3 dxc4 7. Bxc4 b5 8. Bd3 Bd6 9. 0-0 0-0 10. b3 Bb7 11. Bb2 a6 12. Ne4 Nxe4 13. Bxe4 f5 14. Bc2 c5 15. dxc5 Nxc5 16. b4 Ne4 17. Bb3 Qe7 18. a3 Kh8 19. Qe2 Ng5 20. Nxg5 Qxg5 21. f4 Qe7 22. Rad1 Rad8 23. Qf2 Bb8 24. Qg3 Bd5 25. Bxd5 exd5 26. Rd3 Rd7 27. Rfd1 Rfd8 28. Bd4 Qe6 29. Qf3 Kg8 30. h3 Qe4 31. Bb6 Qxf3 32. gxf3 Bc7 33. Bd4 Kf7 34. Rc3 Ra8 35. Rdc1 Bd8 36. Rc8 Rxc8 37. Rxc8 Bf6 38. Rc6 Bxd4 39. exd4 Re7 40. Rxa6 Re3 41. Kf2 Rd3 42. Ke2 Rxd4 43. Rb6 Rxf4 44. Rxb5 Ke6 45. a4 Rc4 46. a5 Rc2+ 47. Ke3 Ra2 48. Kd4 Rd2+ 49. Kc3 Ra2 50. Kb3 Ra1 51. Kb2 Ra4 52. Rb7 g5 53. Kb3 Ra1 54. Rxh7 Ke5 55. h4 gxh4 56. Rxh4 d4 57. Rh8 Rb1+ 58. Kc4 Rc1+ 59. Kb5 1-0

[Event "Chennai WinTV op 1st"]
[Site "Chennai"]
[Date "2004.01.27"]
[Round "8"]
[White "Gunasekaran, K."]
[Black "Koshy, Varugeese"]
[Result "0-1"]
[WhiteElo "2265"]
[BlackElo "2374"]
[PlyCount "92"]
[EventDate "2004.01.21"]
[EventType "swiss"]
[EventRounds "13"]
[EventCountry "IND"]
[SourceTitle "CBM 098 Extra"]
[Source "ChessBase"]
[SourceDate "2004.03.10"]
[SourceVersion "2"]
[SourceVersionDate "2004.03.10"]
[SourceQuality "1"]

1. d4 d6 2. c4 e5 3. d5 f5 4. Nc3 Nf6 5. e4 fxe4 6. Bg5 Be7 7. Bxf6 Bxf6 8. Nxe4 0-0 9. Bd3 Na6 10. Qd2 Nc5 11. Ne2 Nxd3+ 12. Qxd3 Bf5 13. Nxf6+ Qxf6 14. Qe3 Qg6 15. 0-0 Bd3 16. Rac1 b6 17. Rc3 Bxe2 18. Qxe2 Rf4 19. Rd1 Raf8 20. b3 Qf5 21. Rf1 a5 22. Qc2 Qxc2 23. Rxc2 Rd4 24. a4 Rd3 25. Rb1 Rf4 26. Kf1 Rfd4 27. Ke2 Kf7 28. Rbb2 e4 29. Rd2 Kf6 30. Kd1 Ke5 31. Rxd3 Rxd3+ 32. Kc2 Kd4 33. Rb1 e3 34. fxe3+ Rxe3 35. Rd1+ Kc5 36. Rd3 Re2+ 37. Rd2 Rxd2+ 38. Kxd2 Kd4 39. Kc2 g5 40. Kd2 g4 41. h4 g3 42. h5 h6 43. Ke2 Kc3 44. Kf3 Kxb3 45. Kxg3 Kxc4 46. Kf3 Kxd5 0-1

[Event "Chennai WinTV op 1st"]
[Site "Chennai"]
[Date "2004.01.27"]
[Round "7"]
[White "Gunasekaran, K."]
[Black "Suvrajit, Saha"]
[Result "1/2-1/2"]
[WhiteElo "2265"]
[BlackElo "2351"]
[PlyCount "45"]
[EventDate "2004.01.21"]
[EventType "swiss"]
[EventRounds "13"]
[EventCountry "IND"]
[SourceTitle "CBM 098 Extra"]
[Source "ChessBase"]
[SourceDate "2004.03.10"]
[SourceVersion "2"]
[SourceVersionDate "2004.03.10"]
[SourceQuality "1"]

1. d4 c5 2. c3 cxd4 3. cxd4 d5 4. Nc3 Nf6 5. Nf3 Nc6 6. Bf4 a6 7. e3 e6 8. h3 b5 9. Bd3 Bb7 10. 0-0 Be7 11. Ne5 0-0 12. Nxc6 Bxc6 13. a4 b4 14. Ne2 Qd7 15. Qb3 Rfc8 16. Rfc1 h6 17. Qd1 Ne4 18. b3 Bb7 19. Qe1 Rxc1 20. Rxc1 Rc8 21. f3 Nf6 22. Rxc8+ Qxc8 23. Qc1 1/2-1/2

[Event "Chennai WinTV op 1st"]
[Site "Chennai"]
[Date "2004.01.25"]
[Round "6"]
[White "Parikh, Valay"]
[Black "Gunasekaran, K."]
[Result "1/2-1/2"]
[WhiteElo "2374"]
[BlackElo "2265"]
[PlyCount "130"]
[EventDate "2004.01.21"]
[EventType "swiss"]
[EventRounds "13"]
[EventCountry "IND"]
[SourceTitle "CBM 098 Extra"]
[Source "ChessBase"]
[SourceDate "2004.03.10"]
[SourceVersion "2"]
[SourceVersionDate "2004.03.10"]
[SourceQuality "1"]

1. e4 c6 2. d4 d5 3. exd5 cxd5 4. Bd3 Nc6 5. c3 Nf6 6. Bf4 Bg4 7. Qb3 Qc8 8. Nd2 e6 9. Ngf3 Be7 10. Ne5 Nxe5 11. Bxe5 0-0 12. Qc2 Bf5 13. Bxf5 exf5 14. 0-0 Ne4 15. Nb3 g6 16. Rae1 Re8 17. f3 Ng5 18. h4 Ne6 19. h5 b6 20. hxg6 hxg6 21. Qf2 Qd8 22. Qg3 Bf8 23. Nc1 Qg5 24. Qxg5 Nxg5 25. Nd3 Ne6 26. Rf2 Red8 27. Rfe2 Bg7 28. Kf2 Rac8 29. Kg3 Rc6 30. Bxg7 Kxg7 31. Re5 Rcd6 32. Nf4 Kf6 33. Nxe6 fxe6 34. Rh1 R6d7 35. Kf4 Rg8 36. Rh6 Rf7 37. Re1 Rgg7 38. Reh1 Re7 39. Rh8 g5+ 40. Kg3 Rd7 41. R1h6+ Ke7 42. Ra8 Kd6 43. Rah8 Rde7 44. Kf2 g4 45. f4 Kc6 46. g3 Kd6 47. Ke2 Rc7 48. Kd3 Rge7 49. Kc2 Kc6 50. Kd3 Kd7 51. a4 Rc8 52. R8h7 Rce8 53. b3 Kd6 54. c4 a5 55. Kc3 Rc8 56. Kd3 Rce8 57. Rh8 Rxh8 58. Rxh8 Kc6 59. Kc3 Rc7 60. Kd3 Re7 61. Kc2 Rf7 62. Kd3 Re7 63. cxd5+ Kxd5 64. Rd8+ Kc6 65. Kc4 Kc7 1/2-1/2

[Event "Sangli op"]
[Site "Sangli"]
[Date "1999.??.??"]
[Round "7"]
[White "Gokhale, Chandrashekhar"]
[Black "Gunasekaran, K."]
[Result "1/2-1/2"]
[WhiteElo "2361"]
[BlackElo "2210"]
[PlyCount "77"]
[EventDate "1999.??.??"]
[EventType "swiss"]
[EventRounds "11"]
[EventCountry "IND"]
[SourceTitle "EXT 2002"]
[Source "ChessBase"]
[SourceDate "2001.11.25"]
[SourceVersion "1"]
[SourceVersionDate "2001.11.25"]
[SourceQuality "1"]

1. Nf3 d5 2. g3 Nf6 3. Bg2 Bg4 4. 0-0 Nbd7 5. d4 e6 6. c4 c6 7. b3 Be7 8. Bb2 0-0 9. Nc3 Bh5 10. cxd5 exd5 11. Nh4 Re8 12. Re1 Bf8 13. Qc2 g5 14. Nf3 Bg6 15. Qc1 h6 16. h4 g4 17. Nd2 Bg7 18. e4 Nf8 19. e5 N6d7 20. f4 gxf3 21. Nxf3 f6 22. Qf4 Ne6 23. Qg4 Ndf8 24. h5 f5 25. Qh3 Bh7 26. Ne2 Ng5 27. Qh2 Nfe6 28. Rf1 Re7 29. Nh4 Rf7 30. Nf4 Qb6 31. Nxe6 Nxe6 32. Nf3 f4 33. Rae1 Re8 34. Bh3 Bf5 35. Bxf5 Rxf5 36. g4 Rf7 37. Qc2 Qd8 38. Qg6 Nf8 39. Qc2 1/2-1/2

[Event "Sangli op"]
[Site "Sangli"]
[Date "1999.??.??"]
[Round "8"]
[White "Gunasekaran, K."]
[Black "Ravi, Thandalam Shanmugam"]
[Result "1/2-1/2"]
[WhiteElo "2210"]
[BlackElo "2336"]
[PlyCount "56"]
[EventDate "1999.??.??"]
[EventType "swiss"]
[EventRounds "11"]
[EventCountry "IND"]
[SourceTitle "EXT 2002"]
[Source "ChessBase"]
[SourceDate "2001.11.25"]
[SourceVersion "1"]
[SourceVersionDate "2001.11.25"]
[SourceQuality "1"]

1. d4 Nf6 2. c4 e6 3. Nc3 Bb4 4. e3 c5 5. Nge2 cxd4 6. exd4 0-0 7. a3 Be7 8. d5 exd5 9. cxd5 Bc5 10. Ng3 Re8+ 11. Be2 d6 12. 0-0 a6 13. Bf4 b5 14. b4 Bb6 15. Rc1 h6 16. h4 Ra7 17. Bf3 Rae7 18. h5 Ba7 19. Qd3 Ng4 20. Bxg4 Bxg4 21. Nge4 Rd7 22. Qg3 Bxh5 23. Bxh6 Bd4 24. Bf4 Be5 25. Bxe5 dxe5 26. Nc5 Rde7 27. Rfe1 Qb6 28. N3e4 Bg6 1/2-1/2